Public libraries for everyone ; the growth and development of library services in the United States, especially since the passage of the library services act.

Bibliographic Details
Main Author: Daniel, Hawthorne, 1890-
Format: Book
Language:English
Published: Garden City, N.Y. : Doubleday, 1961.
Edition:[1st ed.].
Subjects:

MARC

Tag First Indicator Second Indicator Subfields
LEADER 00000cam a2200000 4500
001 in00000108994
005 20150929094047.0
008 750604s1961 eng u
010 |a  61008881  
035 |a (OCoLC)01372479 
035 |9 AAM9535AM 
040 |c ORL  |d OCL  |d TXA  |d UtOrBLW 
049 |a TXAM  |c [336316] 
050 0 0 |a Z731  |b .D35 
082 0 |a 927.473 
092 |a 027.473  |b D184p 
100 1 |a Daniel, Hawthorne,  |d 1890- 
245 1 0 |a Public libraries for everyone ;  |b the growth and development of library services in the United States, especially since the passage of the library services act. 
250 |a [1st ed.]. 
264 1 |a Garden City, N.Y. :  |b Doubleday,  |c 1961. 
300 |a 192 pages ;  |c 22 cm. 
336 |a text  |b txt  |2 rdacontent 
337 |a unmediated  |b n  |2 rdamedia 
338 |a volume  |b nc  |2 rdacarrier 
650 0 |a Libraries  |z United States  |x History. 
999 |a MARS 
999 f f |s a5a7b6b9-ba3a-30f3-86e5-f58e2444e709  |i d8e1bfb2-5f16-3ac3-9e33-1860ad2370a1  |t 0 
952 f f |p ric  |a Texas A&M University  |b Rellis Campus  |c Joint Library Facility  |d Remote Storage  |t 0  |e Z731 .D35  |h Library of Congress classification  |i unmediated -- volume  |m A14826689104 
998 f f |a Z731 .D35  |t 0  |l Remote Storage